000 00428nam a2200169Ia 4500
001 15651
003 IN-NITTTR
005 20251114233147.0
008 251113s9999||||xx |||||||||||||| ||eng||
040 _beng
040 _cIN-NITTTR
041 _aeng
082 _a006.3 M617C
100 _aMiller, Perry L.
245 2 _aA critiquing approach to expert computer advice :
_b ATTENDING /
_cMiller, Perry L.
942 _2ddc
_cBK
999 _c18285
_d18285